Podnikanie s príbehom: Penzión Elizabetha bakalárska práca

Salvato in:
Dettagli Bibliografici
Autore principale: Joppeková, Ivana
Ente Autore: Obchodná fakulta EU. Katedra služieb a cestovného ruchu - zrušené
Altri autori: Šuterová, Viola, 1957-
Natura: Libro
Lingua:slovacco
Pubblicazione: Bratislava 2020
Tags: Aggiungi Tag
Nessun Tag, puoi essere il primo ad aggiungerne!!

MARC

LEADER 00000nbm a2200000 4500
001 0268076
005 20201007095449.5
041 0 |a slo 
044 |a SK 
245 1 0 |a Podnikanie s príbehom: Penzión Elizabetha  |b bakalárska práca  |c Ivana Joppeková ; školiteľ: Viola Šuterová 
264 1 |a Bratislava  |c 2020 
300 |a 43 s. 
100 1 |a Joppeková, Ivana 
700 1 |a Šuterová, Viola, 1957- 
710 2 |a Obchodná fakulta EU. Katedra služieb a cestovného ruchu - zrušené